| 000 | 01067aam a2200385 4500 | ||
|---|---|---|---|
| 005 | 20250819164407.0 | ||
| 008 | 150522b xxu||||| |||| 00| 0 spa d | ||
| 020 | _a9789974578203 | ||
| 041 | _aESP | ||
| 082 | _a345.04 L979a2 | ||
| 100 |
_aLuzon Peña,Diego Manuel _919058 |
||
| 245 | _aAspectos escenciales de la legítima defensa | ||
| 250 | _a2 edición | ||
| 260 | _aArgentina | ||
| 260 | _bB de F Ltda. | ||
| 260 | _c2002 | ||
| 300 | _a655 páginas | ||
| 490 | _aInvestigación Criminal | ||
| 650 | _aLEGITIMA DEFENSA | ||
| 650 | _aLICITUD DE LA DEFENSA | ||
| 650 | _aPERTURBACIÓN DE ANIMO | ||
| 650 | _aPROTECCIÓN ESTATAL | ||
| 650 | _aINSTINTO DE CONSERVACIÓN | ||
| 650 | _aDERECHO DE DEFENSA | ||
| 650 | _aAGRESIÓN ILEGITIMA | ||
| 650 | _aAGRESIÓN ANTIJURIDICA | ||
| 650 | _aAGRESIÓN JUSTIFICADA | ||
| 650 | _aAGRESIÓN DE LA AUTORIDAD | ||
| 650 | _aAGRESIÓN DELITIVO | ||
| 650 | _aBIENES DEFENDIBLES | ||
| 650 | _aMEDIO DEFENSIVO | ||
| 650 | _aRESTRICCIONES DE LA DEFENSA | ||
| 650 | _aRIÑA | ||
| 942 |
_cBK _2ddc |
||
| 999 |
_c2206 _d2206 |
||